Pittsburgh Steelers 2021-2022 Roster - Statistics

General Stats
  • This quiz has been taken 249 times
  • The average score is 23 of 54
Answer Stats
Hint Answer % Correct
QB Ben Roethlisberger
94%
QB Mason Rudolph
92%
RB Najee Harris
92%
OLB T.J. Watt
90%
FB Derek Watt
88%
WR Diontae Johnson
85%
DT Cameron Heyward
81%
WR Chase Claypool
81%
ILB Buddy Johnson
79%
RB Benny Snell Jr.
75%
FS Minkah Fitzpatrick
75%
K Chris Boswell
70%
TE Pat Freiermuth
66%
QB Dwayne Haskins
61%
ILB Devin Bush
60%
TE Eric Ebron
60%
CB Joe Haden
58%
WR James Washington
56%
SS Terrell Edmunds
56%
P Pressley Harvin III
53%
OLB Alex Highsmith
52%
C Kendrick Green
49%
TE Zach Gentry
48%
CB Cameron Sutton
47%
RB Anthony McFarland Jr.
45%
WR Ray-Ray McCloud
40%
LG Kevin Dotson
38%
LT Dan Moore Jr.
36%
RT Chukwuma Okorafor
35%
ILB Robert Spillane
34%
CB Ahkello Witherspoon
32%
ILB Joe Schobert
30%
RG Trai Turner
30%
FS Tre Norwood
27%
DT Isaiahh Loudermilk
25%
CB James Pierre
22%
RB Kalen Ballage
22%
WR Cody White
21%
LS Christian Kuntz
20%
DE Chris Wormley
20%
ILB Marcus Allen
20%
RT Zach Banner
19%
NT Isaiah Buggs
18%
CB Justin Layne
18%
DE Carlos Davis
16%
C J.C. Hassenauer
16%
CB Arthur Maulet
15%
LT Joe Haeg
15%
SS Miles Killebrew
13%
NT Henry Mondeaux
11%
OLB Taco Charlton
11%
ILB Ulysees Gilbert III
9%
RG B.J. Finney
8%
OLB Derek Tuszka
6%
No matching quizzes found
Score Distribution
Percent of People with Each Score
Percentile by Number Answered
Your Score History
You have not taken this quiz